| 000 | 00624nam a2200229Ia 4500 | ||
|---|---|---|---|
| 003 | IN-BaIIA | ||
| 008 | 211028s9999 xx 000 0 eng d | ||
| 020 | _a978-1-133-11023-1 | ||
| 040 | _cIIA Library | ||
| 080 |
_a52 _bSEE |
||
| 100 |
_aSeeds, Micheal A _935343 |
||
| 245 | 0 |
_aFoundations of astronomy _cMicheal A. Seeds and Dana E. Backman |
|
| 250 | _a12th ed. | ||
| 260 |
_aAustralia _bBrooks-Cole _c2013 |
||
| 300 | _axiii, 658p. | ||
| 650 |
_aAstronomy _980 |
||
| 650 |
_aLife _920304 |
||
| 650 |
_aSky _92307 |
||
| 650 | _aThe Universe | ||
| 700 |
_aMicheal A. Seeds and Dana E. Backman _935344 |
||
| 942 | _cBK | ||
| 999 |
_c18411 _d18411 |
||